000 00225nam a2200097Ia 4500
008 230915s9999 xx 000 0 und d
050 _aPL8704.A321973
100 _aABDALLA,ABDILATIF
245 0 _aSAUTI YA DHIKI
942 _cBK
999 _c176159
_d176159